000 00835nam a22002057a 4500
999 _c12508
_d12508
003 AR-CdUCM
008 190409b ||||| |||| 00| 0 spa d
040 _aMUNICIPALIDAD PROVINCIAL DEL CUSCO
_cBIBLIOTECA MUNICIPAL DEL CUSCO
082 _a364.35 /
_bS66E / 1937
100 _aSolano Rodríguez, Susana
_930375
245 _aEl estado peligroso :
_balgunas de sus formas clínicas no delectivas /
260 _aLima :
_bImpr. Edit. J.L.C.,
_c1937.
300 _a57 páginas ;
_c24 cm.
505 _aContenido: Que es el estado peligroso? -- Elementos para apreciar el estado peligroso -- Indices del estado peligroso -- Algunas formas clínicas del estado peligroso no delictivo.
650 _aCriminología
_97441
650 _aEstado peligroso
_930376
650 _aPerú
_935
942 _2ddc
_cLIBROS
945 _adavv
_d09/04/2019